01496nam a2200325 a 4500001001000000003000900010005001700019007000300036008004100039020001500080040003000095082002400125100005900149245007200208264004300280300002700323336002800350337003300378338003000411500007100441505022500512590002600737650002900763650003100792910003700823942001400860952013600874952014301010999001701153000013688DO-SdBNP20250213093814.0ta091127s2005 dr 000 j spa d a9993448214 aDO-SdBNPbspacBNPHUerda 4aRD864.44bN964d2221 aNúñez Báez, Santiago,d1967-eautor4aut.93112413aLa decisión de Sara y otros relatos /cSantiago Núñez Báez. aSanto Domingo :bEditora UNIBE,c2005. a80 páginas ;c22 cm. atextobtxt2rdacontent  asin mediaciónbn2rdamedia avolumen 2rdacarrierbnc aIncluye datos biográficos del autor en la solapa de la cubierta.0 aLas meninas de Velázquez -- Mujer con palomas, óleo sobre tela, 24 x 10 -- Recurrencias -- La lista de Danny -- Love story -- Mentiras -- no tomarás ese maldito teléfono -- Monosílabos -- La decisión de Sara. aInventariado /2023 LP 4aCuentos dominicanos9176 4aLiteratura dominicana.967 aValidado. Control de calidad MFF 2ddccLBS1 00102ddc51708PDaBNPHUbBNPHUcHDd2009-11-27l0oBNPHU PD RD864.44 N964dp13688-10r2020-06-25w2020-06-25yLBS1ZNo se presta 00102ddc51708PDaBNPHUbBNPHUcHDd2010-04-07l0oBNPPHU PD RD864.44 N964dp13688-20r2020-06-25te. 2w2020-06-25yLBS1ZNo se presta c13301d13301